| 000 | 00857nam a22002177a 4500 | ||
|---|---|---|---|
| 005 | 2012020408318.0 | ||
| 008 | 120204t xxu||||| |||| 00| 0 eng d | ||
| 020 |
_a8129702037 _c00.00 |
||
| 035 | _aB-307229 | ||
| 040 |
_aDPL _bENG |
||
| 100 |
_aLaudon, Kenneth C. _940791 |
||
| 245 |
_aManagement information systems: _cby Kenneth C. Laudon [and] Jane P. Laudon _bmanaging the digital firm / |
||
| 250 | _a4th rpr. | ||
| 260 |
_aNew Delhi _bPrentice Hall of India _c2005 |
||
| 300 |
_aVarious pagings _bill. ; _c28 cm. (pbk) |
||
| 500 | _aIncludes references, glossary and index | ||
| 650 |
_aManagement information systems _940792 |
||
| 700 |
_aLaudon, Jane p. _940793 |
||
| 942 |
_2ddc _cEN _mLAU _h658.4038011 |
||
| 999 |
_c61957 _d61957 |
||